Vida de Jaume I el Conqueridor / (Record no. 171636)

MARC details
000 -LEADER
campo de control de longitud fija 00796nam a22002295i 4500
001 - NÚMERO DE CONTROL
campo de control 171636
003 - IDENTIFICADOR DE NÚMERO DE CONTROL
campo de control ES-MaACL
005 - FECHA Y HORA DE LA ÚLTIMA TRANSACCIÓN
campo de control 20260115175403.0
008 - DATOS DE LONGITUD FIJA--INFORMACIÓN GENERAL
campo de control de longitud fija 090525s1958 sp |||| | cat d
080 ## - NÚMERO DE LA CLASIFICACIÓN DECIMAL UNIVERSAL
Número de la Clasificación Decimal Universal 929(Jaime (465.2) I)
080 ## - NÚMERO DE LA CLASIFICACIÓN DECIMAL UNIVERSAL
Número de la Clasificación Decimal Universal 946.52"1213/76"
100 1# - ENTRADA PRINCIPAL--NOMBRE DE PERSONA
Nombre de persona Soldevila, Ferran.
9 (RLIN) 107111
245 10 - MENCIÓN DEL TÍTULO
Título Vida de Jaume I el Conqueridor /
Mención de responsabilidad, etc. Ferran Soldevila.
260 ## - PUBLICACIÓN, DISTRIBUCIÓN, ETC.
Lugar de publicación, distribución, etc. Barcelona :
Nombre del editor, distribuidor, etc. Aedos,
Fecha de publicación, distribución, etc. [1958]
300 ## - DESCRIPCIÓN FÍSICA
Extensión 338 p., 1 h. de lám., XIV h. de lám. ;
Dimensiones 22 cm.
490 1# - MENCIÓN DE SERIE
Mención de serie Biblioteca Biográfica Catalana ;
Designación de volumen o secuencia 14
600 14 - PUNTO DE ACCESO ADICIONAL DE MATERIA--NOMBRE DE PERSONA
Nombre de persona Jaime
Numeración I
Títulos y otros términos asociados al nombre Rey de Aragón.
9 (RLIN) 65934
651 #4 - PUNTO DE ACCESO ADICIONAL DE MATERIA--NOMBRE GEOGRÁFICO
Nombre geográfico Aragón (Reino)-
Subdivisión general Historia-
Subdivisión cronológica 1213-1276, Jaime I.
9 (RLIN) 140294
830 00 - PUNTO DE ACCESO ADICIONAL DE SERIE-TÍTULO UNIFORME
Título uniforme Biblioteca biográfica catalana
Designación de volumen o secuencia 14
9 (RLIN) 181786
852 ## - LOCALIZACIÓN
Ubicación ES-MaACL
Número de control de estantería C-15738
itemnumber R.43634
Holdings
Estatus retirado Estado de pérdida Estado de daño No para préstamo Biblioteca de origen Biblioteca actual Ubicación en estantería Fecha de adquisición Fuente de adquisición Total de préstamos Signatura topográfica completa Código de barras Visto por última vez Precio de reemplazo Tipo de ítem Koha
        Biblioteca del Ateneo de Madrid Biblioteca del Ateneo de Madrid Ficheros 25/05/2009     C-15738 1180119 23/02/2023 23/02/2023 Libro impreso